Structure et origine des gres du tertiaire parisien /

Bibliographic Details
Main Author: Cayeux, Lucien, 1864-1944
Format: Book
Language:French
Published: Paris : Imprimerie nationale, 1906.
Series:Etudes des gites mineraux de la France.
Subjects:

MARC

Tag First Indicator Second Indicator Subfields
LEADER 00000cam a2200000 4500
001 in00000042993
005 20151007064951.0
008 780220s1906 fr af 00000 fre d
010 |a gs 13000385  
035 |a (OCoLC)03653020 
035 |9 AAE0986AM 
040 |a HDC  |c HDC  |d TXA  |d UtOrBLW 
049 |a TXAM  |c [205540] 
090 |a QE691  |b .C39 1906 
092 |a 551.78  |b F815s 
100 1 |a Cayeux, Lucien,  |d 1864-1944. 
245 1 0 |a Structure et origine des gres du tertiaire parisien /  |c par L. Cayeux ... 
264 1 |a Paris :  |b Imprimerie nationale,  |c 1906. 
300 |a viii, 159 pages, 1 unnumbered page :  |b illustrations, x plate, diagrams ;  |c 31 x 24 cm. 
336 |a text  |b txt  |2 rdacontent 
337 |a unmediated  |b n  |2 rdamedia 
338 |a volume  |b nc  |2 rdacarrier 
490 1 |a Etudes des gites mineraux de la France 
500 |a At head of title: Ministere des travaux publics. 
650 0 |a Geology, Stratigraphic  |y Tertiary. 
650 0 |a Sandstone. 
650 0 |a Geology  |z France. 
830 0 |a Etudes des gites mineraux de la France. 
999 |a MARS 
999 f f |s 9816b21b-6d90-30d3-ab17-bea70d7f79b2  |i 285043cf-5da2-3f84-91df-c1d6f93ae388  |t 0 
952 f f |p ric  |a Texas A&M University  |b Rellis Campus  |c Joint Library Facility  |d Remote Storage  |t 0  |e QE691 .C39 1906  |h Library of Congress classification  |i unmediated -- volume  |m A14800956460 
998 f f |a QE691 .C39 1906  |t 0  |l Remote Storage